|
|
|
|
| LEADER |
00000cam a22000004a 4500 |
| 001 |
musev2_45451 |
| 003 |
MdBmJHUP |
| 005 |
20230905044743.0 |
| 006 |
m o d |
| 007 |
cr||||||||nn|n |
| 008 |
160415s2015 mnu o 00 0 eng d |
| 020 |
|
|
|a 9781452950006
|
| 020 |
|
|
|z 9780816698585
|
| 020 |
|
|
|z 1452950008
|
| 035 |
|
|
|a (OCoLC)946725496
|
| 040 |
|
|
|a MdBmJHUP
|c MdBmJHUP
|
| 100 |
1 |
|
|a Roof, Judith,
|d 1951-
|
| 245 |
1 |
0 |
|a What Gender Is, What Gender Does /
|c Judith Roof.
|
| 264 |
|
1 |
|a Minneapolis :
|b University of Minnesota Press,
|c 2015.
|
| 264 |
|
3 |
|a Baltimore, Md. :
|b Project MUSE,
|c 2016
|
| 264 |
|
4 |
|c ©2015.
|
| 300 |
|
|
|a 1 online resource (288 pages).
|
| 336 |
|
|
|a text
|b txt
|2 rdacontent
|
| 337 |
|
|
|a computer
|b c
|2 rdamedia
|
| 338 |
|
|
|a online resource
|b cr
|2 rdacarrier
|
| 505 |
0 |
|
|a Preface -- Acknowledgments -- Introduction -- Making over : metamorphosis, taxonomy, vantage -- Prosopopeias: exceeding kind -- Temporality still -- Social algebras -- Scopic folding, layered economies -- The fixer -- Gender is as gender does : on the rebound -- Spurious displays -- Conclusion -- Notes -- Filmography -- Index.
|
| 588 |
|
|
|a Description based on print version record.
|
| 650 |
|
7 |
|a Sex role.
|2 fast
|0 (OCoLC)fst01114598
|
| 650 |
|
7 |
|a Sex differences (Psychology)
|2 fast
|0 (OCoLC)fst01114336
|
| 650 |
|
7 |
|a Gender identity.
|2 fast
|0 (OCoLC)fst00939593
|
| 650 |
|
7 |
|a SOCIAL SCIENCE
|x Gender Studies.
|2 bisacsh
|
| 650 |
|
7 |
|a PSYCHOLOGY
|x General.
|2 bisacsh
|
| 650 |
|
7 |
|a PSYCHOLOGY
|x Developmental
|x Lifespan Development.
|2 bisacsh
|
| 650 |
|
7 |
|a PSYCHOLOGY
|x Developmental
|x General.
|2 bisacsh
|
| 650 |
|
7 |
|a FAMILY & RELATIONSHIPS
|x Life Stages
|x General.
|2 bisacsh
|
| 650 |
|
7 |
|a sex role.
|2 aat
|
| 650 |
|
6 |
|a Differences entre sexes (Psychologie)
|
| 650 |
|
6 |
|a Rôle selon le sexe.
|
| 650 |
|
6 |
|a Identite sexuelle.
|
| 650 |
|
0 |
|a Sex differences (Psychology)
|
| 650 |
|
0 |
|a Sex role.
|
| 650 |
|
0 |
|a Gender identity.
|
| 655 |
|
7 |
|a Electronic books.
|2 local
|
| 710 |
2 |
|
|a Project Muse.
|e distributor
|
| 830 |
|
0 |
|a Book collections on Project MUSE.
|
| 856 |
4 |
0 |
|z Texto completo
|u https://projectmuse.uam.elogim.com/book/45451/
|
| 945 |
|
|
|a Project MUSE - Custom Collection
|
| 945 |
|
|
|a Project MUSE - 2016 Complete
|
| 945 |
|
|
|a Project MUSE - 2016 Global Cultural Studies
|